000 00795nas a2200277 4500
001 BR9705028
003 BR-BrBNA
005 20231205100604.0
007 ta
008 230509b bl.|||p| |||| 00| 00por d
040 _aBR-BrBNA
_bpor
_cBiblioteca Nacional de Agricultura
041 _a(Pt)
072 _aL74
100 1 _aPrestes, N.C.
100 1 _aBicudo, S.D.
100 1 _aAlvarenga, F. da C.L. e
100 1 _aSartori Filho, R.
100 1 _aCastilho, C.
245 1 _aAplasia segmentar de um corno uterino associada a piometra em cadela
650 _aCao
650 _aUtero
650 _aHiperplasia
773 0 _tVeterinaria Noticias (Brazil)
_xISSN 0104-3463
_g(1997), v. 3(1) p. 133-134
_wBR9705028
909 _a202311
_bLúcia
_c55
_dLúcia Elande
942 _2AGRIS
_n0
_cANA
999 _c156858
_d156858